|
|
|
|
| LEADER |
00915nam a2200229 a 4500 |
| 001 |
00017822 |
| 008 |
100725s1989 enka 000 0 eng d |
| 020 |
|
|
|a 1852591498
|
| 040 |
|
|
|a NIC
|c NIC
|d CStRLIN
|d BD-DhAAL
|
| 082 |
0 |
0 |
|a 631.2
|2 22
|
| 245 |
1 |
0 |
|a Poultry houses and appliances :
|b with special chapters on outdoor brooders or chick rearers with 219 illustrations.
|
| 260 |
|
|
|a Hampshire :
|b Nimrod Press,
|c 1989
|
| 300 |
|
|
|a 154 p. :
|b ill. ;
|c 22 cm.
|
| 490 |
0 |
|
|a Poultry fanciers library
|
| 500 |
|
|
|a Includes index.
|
| 541 |
1 |
|
|e 00004223
|
| 650 |
|
0 |
|a Poultry
|x Housing
|
| 650 |
|
0 |
|a Poultry
|x Housing
|x Equipment and supplies.
|
| 830 |
0 |
|
|a Poultry fanciers library
|
| 852 |
4 |
|
|a Ayesha Abed Library
|j General shelf
|
| 999 |
|
|
|c 9369
|d 9369
|
| 952 |
|
|
|0 0
|1 0
|2 ddc
|4 0
|6 631_200000000000000_POU_1989
|7 0
|9 12183
|a BRACUL
|b BRACUL
|c GEN
|d 2010-09-29
|g 0.00
|l 0
|o 631.2 POU
|p 3010004223
|r 2010-09-29
|t 1
|w 2010-09-29
|y BK
|z Not price in Register
|